| 000 | 01215nam a22002535i 4500 | ||
|---|---|---|---|
| 001 | 167622 | ||
| 003 | ES-MaACL | ||
| 005 | 20250905141121.0 | ||
| 008 | 960320s1878 sp |||| | spa d | ||
| 080 | _a355 Aldana, Bernardo de | ||
| 080 | _a94(439)"15" | ||
| 100 | 1 |
_aVillela de Aldana, Juan. _9133763 |
|
| 245 | 1 | 0 |
_aExpedición del maestre de campo Bernardo de Aldana a Hungría en 1548 / _cescrita por frey Juan Villela de Aldana, su hermano, clérigo de la Orden de Alcántara ; publícala ahora por primera vez, abreviada y precedida de una introducción, Antonio Rodríguez Villa. |
| 260 |
_aMadrid : _bMedina, _c1878 ( _fEstab. tip. de J.C. Conde y C.) |
||
| 300 |
_a112 p. ; _c19 cm. |
||
| 530 | _aDisponible en formato digital. | ||
| 596 | _aMarca tip. en cub. | ||
| 600 | 1 | 4 |
_aAldana, Bernardo de. _9157249 |
| 651 | 4 |
_aHungría- _xHistoria- _y1526-1699, Ocupación turca. _9174389 |
|
| 700 | 1 |
_aRodríguez Villa, Antonio, _d1843-1912 _998860 |
|
| 852 | 4 |
_aES-MaACL _jT-879-F-4 _z- Enc. hol. _z- Enc. en un vol. facticio |
|
| 856 | 4 |
_uhttp://ciconia.gobex.es/biblioteca/es/consulta/registro.cmd?id=3877 _zBiblioteca Digital del Patrimonio Cultural de Extremadura |
|
| 999 |
_c167622 _d167622 |
||